Legislación civil y comercial de las sociedades y compañías de comercio en el derecho positivo ecuatoriano y sus posibilidades de integración y reforma

Gardado en:
Detalles Bibliográficos
Autor Principal: Dunn Barreiro, John (Author)
Autor Corporativo: Facultad de Jurisprudencia y Ciencias Sociales Universidad de Guayaquil (Author)
Formato: Libro
Idioma:Lingua castelá
Publicado: Guayaquil Departamento de Publicaciones 1968
Series:Biblioteca de Autores de la Facultad. Sección Estudiantes, 3
Subjects:
Tags: Engadir etiqueta
Sen Etiquetas, Sexa o primeiro en etiquetar este rexistro!

MARC

LEADER 00000nam a2200000 a 4500
001 UCS1994
003 CL-VaPUC
008 970516e19680000EC |||||||||||||||||spa|d
082 0 4 |a 346.077  |b DUN  |2 21 
100 0 |a Dunn Barreiro, John  |e author  |9 386943 
110 2 |a Facultad de Jurisprudencia y Ciencias Sociales Universidad de Guayaquil  |e author  |9 386944 
245 1 0 |a Legislación civil y comercial de las sociedades y compañías de comercio en el derecho positivo ecuatoriano y sus posibilidades de integración y reforma 
300 |a 141 p 
942 |c BK 
945 |d 19970516 00:00:00  |a cmena 
260 |a Guayaquil  |b Departamento de Publicaciones  |c 1968 
650 0 |a Derecho comercial   |9 256340 
650 0 |a Sociedades comerciales   |9 257290 
650 0 |a Contratos  |9 255153 
650 0 |a Obligaciones   |9 255578 
650 0 |a Código civil  |9 256135 
650 7 |a LEGISLACION  |2 CL-VaPUC  |9 386945 
650 0 |a Derecho comparado  |9 255664 
650 0 |a Derecho venezolano  |9 385421 
650 0 |a Derecho mexicano  |9 386946 
650 7 |a DERECHO CHILENO  |2 CL-VaPUC  |9 386947 
650 0 |a Derecho argentino  |9 385298 
583 |a last modification  |c 19970516 00:00:00  |k Rodrigo Vera 
490 0 |a Biblioteca de Autores de la Facultad. Sección Estudiantes, 3 
999 |c 259994  |d 259992 
952 |0 0  |1 0  |4 0  |6 346_077000000000000_DUN_1968  |7 0  |8 A  |9 285539  |a BIBDER  |b BIBDER  |d 2019-11-19  |i 1854844  |o 346.077 DUN 1968  |p 1854844  |r 2023-01-25  |w 2019-11-19  |y BK  |k DER